000 01124njm a22002897a 4500
005 20100920154327.0
006 a|||||r|||||00| 0
007 sd ammalaaahaa
008 100901t xxu||||| |||| 00| 0 eng d
028 _a2392 332
_bMusic India
035 _aGR-03910
040 _aSED
_cSED
100 _aMangeshkar, Lata
_917891
245 _aFaraib /
_cby Lata Mangeshkar; music by Bappi Lahiri; lyric by Indivar
_h[Sound recording]
246 _aफरेब / लता मंगेशकर द्वारा
260 _aDum Dum, India
_bMusic India
_c1981
300 _a1 Sound disc [Gramophone Recording] :
_banalog, 33 1/3 rpm
_c12 in. (LP)
_fGramophone Record
500 _aBrief record
500 _aRecord Labels : Music India, Red
505 _aSide-1 (Kabhi to ayega) (Lata Mangeshkar) --Side-2 (Haule haule dil mera) (Kishore Kumar)
600 _aMangeshkar, Lata
_919718
650 _aFilm songs
_xExcerpts
_zIndia
_917892
700 _aLahiri, Bappi
_920083
700 _aIndivar
_920828
942 _2ddc
_cGR
999 _c47089
_d47089